000 02199nam a22001577a 4500
999 _c513864
_d513864
008 200911b ||||| |||| 00| 0 eng d
100 _aDeslatte, Aaron and Swann, William L.
_917667
245 _aElucidating the linkages between entrepreneurial orientation and local government sustainability performance
260 _aThe American Review of Public Administration
300 _a50(1), Jan 2020. p. 92-109
520 _aLinking strategic management to performance has been called essential for public managers to confront pernicious environmental and community problems in the 21st century. This article examines the role that an organization’s entrepreneurial orientation (EO) plays in the linkages between organizational capacities, strategies, and perceived performance. An EO is considered a key driver of a public organization’s willingness to engage in risk taking, innovation, and proactivity aimed at enhancing organizational routines, decision-making, and performance. Scholars have provided empirical guidance for the antecedents and consequences of entrepreneurialism in bureaucracy, yet we know little systematically about how EO links to strategies that may affect performance in the public sector. To investigate, we employ a mixed methods design using a nationwide survey of U.S. local governments and interviews with local government managers about their experiences in sustainability programs. Quantitatively, we find evidence for environmental factors of political and administrative capacities positively influencing EO, and that strategic activities of performance information use, venturing, and interorganizational collaboration mediate the relation between EO and perceived sustainability performance. Interviews corroborate these findings and illuminate how local government managers proactively engage stakeholders, consider risk taking, build capacity, and pursue innovation in sustainability. - Reproduced
650 _aEntrepreneurial orientation, Local governments, Public organizations, Strategic management, Performance management, Sustainability
_917668
773 _aThe American Review of Public Administration
906 _aPUBLIC SECTORS
942 _cAR